000 00367nam a2200133Ia 4500
008 240729s9999 xx 000 0 und d
245 0 _aStudia Europejskie
260 _aPoland
260 _bCenter for Europe, Warsaw University
650 _aPolitical science
856 _uhttps://doaj.org/toc/b5388109e83f4674b3a70957a95d3be4
942 _2ddc
942 _cDOAJEJ
999 _c71264
_d71264
945 _a1
_bMadushi Gamage
_c1
_dMadushi Gamage